000 00319nam a22001337a 4500
008 170713b xxu||||| |||| 00| 0 eng d
020 _a039533957-X
041 _aeng
080 _a038
100 _a23
101 _aFJA
245 _aWEBSTER'S II NEW RIVERSIDE UNIVERSITY DICTIONARY
_cSOUKHANOV,A.H
942 _2udc
_cBK
999 _c20420
_d20420